00563cam a22001931 4500001001300000003000400013005001700017008004100034010001700075025002000092035002000112040002400132042001200156050001900168100001700187245010700204260003800311300002000349sa 65001688 DLC20260227112110.0891206q19601969io 000 1 ind  asa 65001688  aPL480:Indo-1307 a(OCoLC)20736700 aDLCcOCoLCdWUdDLC apremarc00aPL5089.S83bP40 aSutojo M. D.10aPendekar sakti mentjari kuda semberani Ratu Nusa Tembini, kisah silat zaman Bahari /coleh Sutojo M.D. aTasikmalaja :bSwandaja,c[196-?] a58 p. ;c15 cm.